Rozdělení národního důchodu ve Spojených státech

Niektoré charakteristické črty rozdelenia národného dôchodku v Spojených štátoch. Prehĺbenie diferenciácie príjmov v USA v poslednom desaťročí. Veľké rozdiely medzi platmi volených funkcionárov a platmi manažérov. Analýza hospodárskej politiky za vlády R. Reagana. Vývoj životnej úrovne pracujúcich,...

Descrizione completa

Salvato in:
Dettagli Bibliografici
Autore principale: Adam, J.
Natura: Capitolo di libro
Lingua:ceco
Soggetti:
Tags: Aggiungi Tag
Nessun Tag, puoi essere il primo ad aggiungerne!!

MARC

LEADER 00000naa a2200000 4500
001 r017823
005 20221205102410.7
041 0 |a cze 
044 |a CZ 
245 1 0 |a Rozdělení národního důchodu ve Spojených státech  |c J. Adam 
520 |a Niektoré charakteristické črty rozdelenia národného dôchodku v Spojených štátoch. Prehĺbenie diferenciácie príjmov v USA v poslednom desaťročí. Veľké rozdiely medzi platmi volených funkcionárov a platmi manažérov. Analýza hospodárskej politiky za vlády R. Reagana. Vývoj životnej úrovne pracujúcich, ročné rodinné príjmy, rozdelenie príjmov. 
610 2 0 |a dôchodok národný 
610 2 0 |a rozdeľovanie dôchodku národného 
610 2 0 |a USA 
610 2 0 |a 1980-1992 
610 2 0 |a platy 
610 2 0 |a manažéri 
610 2 0 |a diferenciácia mzdová 
610 2 0 |a príjmy 
610 2 0 |a politika hospodárska 
610 2 0 |a situácia hospodárska 
610 2 0 |a úroveň životná 
610 2 0 |a príjmy rodinné 
610 2 0 |a politika daňová 
100 1 |a Adam, J.